| 000 | 00599nam a22001817a 4500 | ||
|---|---|---|---|
| 005 | 20130610110152.0 | ||
| 010 | _aENG-107571 | ||
| 020 |
_a9780415832083 _c695.00 |
||
| 035 | _aEN-91104 | ||
| 037 | _bDBAD/PUB | ||
| 100 | _aPranjpe, Shrikant | ||
| 245 |
_aIndia's strategic culture: _cby Shrikant Pranjpe _bthe making of national security policy / |
||
| 260 |
_aNew Delhi _bRoutledge _c2013 |
||
| 270 |
_a912, Tolstoy House, 15-17 Tolstoy Marg, Connaught Place _bNew Delhi _e110001 |
||
| 300 |
_axv,184p. _c23cm(Hb) |
||
| 500 | _aIncludes bibliographical references and index | ||
| 942 |
_2ddc _cEN _mPAR |
||
| 999 |
_c76523 _d76523 |
||